Quizzes
Events
Quiz Creation
Community
Videos
Private Events
Remove Ads
Sign In
Join for FREE
Feedback
Dark Mode
Quiz Categories
Sports
Geography
Music
Movies
Television
Just For Fun
Miscellaneous
History
Literature
Language
Science
Gaming
Entertainment
Religion
Holiday
For Kids
Quiz Lab
Recent
Popular Today
Quiz Kudos Today
Editor Picks
Curator Picks
Quizzes by...
Day
Popularity
Type
Ratings
Length
Year
Community
Subscriptions
Recent Discussions
Orange Saloon
Badges
Playlists
Quests
Create
Leaderboards
Showdown
Live 5
Trivia Bingo
Activity
Puzzle Library
Sporcle Events
Private Events
Virtual Trivia
Globe League
Become a Host
Pub Owners
SporcleCon
Opinionation
Our Games
Videos
Blog
Mobile Apps
Partnerships
Remove Ads and Go Orange
Feedback
Just For Fun
Clickable
Get the Picture
Humor
Quick Pick
Word Ladder
Missing Word
Mixed Word
Blitz
Minefield
This or That
Alphabet
Color
Typing
Sporcle
Puzzle
Word Play
Follow That Line
Logic
Just For Fun
Clickable
Get the Picture
Humor
Quick Pick
Word Ladder
Missing Word
Mixed Word
Blitz
Minefield
This or That
Alphabet
Color
Typing
Sporcle
Puzzle
Word Play
Follow That Line
Logic
Random Quiz
Search Sporcle
×
Featured
Featured
Just For Fun
French
Type in answers that appear in a list
Type in answers that appear in a list
Classic
Best Score? Go Orange.
Missing Word: Dependencies & Territories Stats
Can you identify the missing word in the names of dependencies, territories and overseas regions?
By
caramba
4m
27 Questions
2,748 Plays
2,748 Plays
2,748 Plays
Comments
Comments
Give Quiz Kudos
Give Quiz Kudos
-
- Ratings
hide this ad
Replay
Link that replays current quiz
Next Quiz
Link to next quiz in quiz playlist
You Got
0%
They Got
Avg Score
53%
Avg Friend Score
Upgrade to see
Score Distribution
Jump to the score distribution portion of the page
Score
0/27
Timer
04:00
0
Plays Today
Dependency/Territory
Missing Word
% Correct
Cayman _
_
_
_
_
Islands
96%
_
_
_
_
_
Rico
Puerto
92%
Hong _
_
_
_
_
Kong
90.8%
_
_
_
_
_
Virgin Islands
British
89%
U.S. _
_
_
_
_
Islands
Virgin
87%
_
_
_
_
_
Helena
Saint
83.7%
American _
_
_
_
_
Samoa
81.8%
Turks and _
_
_
_
_
Islands
Caicos
77.7%
Kingman _
_
_
_
_
Reef
58.9%
New _
_
_
_
_
Caledonia
56.1%
Northern _
_
_
_
_
Islands
Mariana
53.8%
British Indian _
_
_
_
_
Territory
Ocean
53.5%
French _
_
_
_
_
Polynesia
49.5%
_
_
_
_
_
Islands
Faroe
45.5%
Dependency/Territory
Missing Word
% Correct
Sint _
_
_
_
_
Maarten
44%
South _
_
_
_
_
and the South Sandwich Islands
Georgia
43.8%
_
_
_
_
_
and Futuna
Wallis
43%
Saint _
_
_
_
_
and Miquelon
Pierre
39.5%
Coral _
_
_
_
_
Islands
Sea
38.7%
_
_
_
_
_
Islands
Cook
35.9%
Palmyra _
_
_
_
_
Atoll
35.1%
_
_
_
_
_
and Dhekelia
Akrotiri
28.9%
French _
_
_
_
_
and Antarctic Lands
Southern
28.5%
Jan _
_
_
_
_
Mayen
27.1%
_
_
_
_
_
Island and McDonald Islands
Heard
20.4%
_
_
_
_
_
Island
Bouvet
18.5%
_
_
_
_
_
and Cartier Islands
Ashmore
15.7%
Quiz Playlist
Details
Report
Send in Message
Add To Playlist
Classic:
Type in answers that appear in a list
Last Updated: Dec 31, 2019
Featured
Previous Missing Word
Next Missing Word
Play Today's Daily Dose
Quiz Scoreboard
CHALLENGE
Sign Up to Join the Scoreboard
Show All
Scores
Hide
Comments
May contain spoilers
Recently Published
9x9 Crossword: Cartoon Network
by jackfrog10
Miscellaneous
3m
College Basketball Coaching Resumes
by pancakes188
Sports
9m
Billboard Blitz: Fleetwood Mac
by CooCooCachoo
Music
15s
More to Explore
Quiz From the Vault
Featured Blog Post
Where Did the Easter Bunny Come From?
hide this ad
You Might Also Like...
Tags
French Quiz
Missing Word Quiz
British
Colony
dependencies
Dependency
dependent
Dependent Territories
Today's Top Quizzes in Just For Fun
Browse Just For Fun
hide this ad
Today's Top Quizzes in French
Browse French
Top Contributed Quizzes in Just For Fun
1
Name Just One - 10 to 1: Just For Fun
2
Killer Double Trees 224 - Colour Match-Up
3
Spring Typing Challenge
4
Crossword Whiteout! 49
5
Zeroing In: Just For Fun
6
Survivor Winners Logic Puzzle
7
Word Ladder: Wilderness Weapon
8
Word Ladder: Ahoy Matey
9
Kyle's 122nd Triple Trees
10
Harry Potter Logic - 'In Chains' II
Explore More
Trending Topics
Kpop
Crossword
Disney
Harry Potter
Anime
NBA
Marvel
Country
Song
WWE
Soccer
The Office
Pokémon
Puzzle
NFL
hide this ad
More By:
caramba
Quiz
Plays
Rating
Category
Featured
Created
NFL Last Super Bowl Winners
657,203
4.15
Sports
Jun 6, 2010
Europe, Alphabetically
338,077
4.39
Geography
Jun 13, 2010
Blitz: Letter Count States
210,306
4.11
Just For Fun
May 24, 2010
MLB RBI Leaders by Team (2000s)
207,645
4.44
Sports
Nov 2, 2009
European Union Minefield
197,611
4.23
Geography
Nov 7, 2011
Go to Creator's Profile
Score Distribution
Quiz Creator Spotlight
caramba
Follow
Send a Message
Quizzes Created
-
Created Quiz Play Count
-
More By This Creator
Popular Quizzes Today
1
Find the US States - No Outlines Minefield
2
Find the Countries of Europe - No Outlines Minefield
3
The Countries of the World
4
Find the US States
5
Risky Map Clicking: Biggest States A-Z
6
US States
7
Popular People in 1961
8
Movies - When Are They Set?
More Just For Fun Quizzes
Get the Picture: The Guineas
Published
Trending Quizzes
Risky Map Clicking: Least Populous States A-Z
1-10 Letter G Words
Risky Map Clicking: Next State Alphabetically
Adjectives in 80s TV Shows
Risky Map Clicking: Biggest States A-Z
Recently Updated
Leaping Animals
pecheneg
Reality TV Shows (A-Z)
bhenderson79
Rickey Henderson's Hall of Fame Teammates
pecheneg
Champions League XIs: Arsenal
pecheneg
Quick Pick: Celebrities in WWE's Hall of Fame
aduchscher
A-Z Keypad Blitz II
pecheneg
Multiple Oscar Actors
pecheneg
Mystery Phrase Blitz: Oscar 'Best Actors'
pecheneg
F. Scott Fitzgerald Novels
LTH
Pick 3 Villains
ddd62291
Trending Topics
Marvel
NBA
Disney
Kpop
Harry Potter
Anime
Crossword
Soccer
NFL
Pokémon
WWE
Country
Song
The Office
Puzzle
Your Account Isn't Verified!
In order to create a playlist on Sporcle, you need to verify the email address you used during registration. Go to your
Sporcle Settings
to finish the process.
Report this User
Report this user for behavior that violates our
Community Guidelines
.
Details:
Send Report
Go to the Sporcle.com Mobile Site →
Comments